LEADER 01367nam a2200301 i 4500 001 000000143181 003 CaOOAMICUS 005 20050923000000.0 008 050923s2005 it u000 u ita u 013 $a118539 020 $a88-89197-36-6 040 $aSeMil$bita 100 1 $aComina, Francesco.$0(OLS)http://semarc/name/37882 245 13$aIl sapore della libertà /$cFrancesco Comina, Marcelo Barros ; Prefazione di Leonardo Boff. 260 $aMolfetta (BA) :$bLa Meridiana,$c2005. 300 $a201 p. ;$c21 cm. 490 0 $aPaginealtre : lungo i sentieri della differenza 500 $aComplemento al tit. in cop. : Il fondamento della libertà è l'assunzione di responsabilità per l'altro... 650 4$aLibertà - Solidarietà.$0(OLS)http://semarc/subject/28160 700 1 $aBoff, Leonardo,$d<1938- >.$0(OLS)http://semarc/name/90426 700 1 $aSouza, Marcelo de Barros.$0(OLS)http://semarc/name/93260 830 0$aPaginealtre.$0(OLS)http://semarc/title/7770 850 $aSeMil 852 $aSeMil$W1$xVenegono$y1$m3F V 61$j96308$B96308$CSeMilBibl$Z2$F103504 $81 961 $aLascito: Scanziani don Federico 996 $6020$a88-89197-36-6$9(OLS)http://semarc/number/131603 996 $6245$aIl sapore della libertà$9(OLS)http://semarc/title/209545 996 $6260$aMolfetta (BA) :$bLa Meridiana$9(OLS)http://semarc/publisher/32072 LEADER 02959nam a2200361 i 4500 001 000000016872 003 CaOOAMICUS 005 20190730102410.0 008 180830s2006 it u000 u ita u 040 $aSeMil$bita 100 1 $aDunn, James Douglas Grant,$d<1939-2020>.$0(OLS)http://semarc/name/89997 240 10$aChristianity in the making : Jesus remembered.$0(OLS)http://semarc/title/22318 245 14$aGli albori del cristianesimo /$cJames D.G. Dunn ; traduzione italiana di Franco Ronchi. 260 $aBrescia :$bPaideia,$c2006-2012. 300 $a6 v. ;$c23 cm. 600 04$aGesù Cristo.$0(OLS)http://semarc/subject/712 600 04$aPaolo .$0(OLS)http://semarc/subject/1316 650 4$aGesù Cristo - Gesù storico.$0(OLS)http://semarc/subject/742 650 4$aChiesa primitiva e delle origini .$0(OLS)http://semarc/subject/1281 650 4$aCristianesimo primitivo.$0(OLS)http://semarc/subject/1282 700 1 $aRonchi, Franco.$0(OLS)http://semarc/name/944 774 0 $aDunn, James Douglas Grant <1939-2020>$tMemoria di Gesù. 1, Fede e Gesù storico.$dBrescia : Paideia, 2006.$kIntroduzione allo studio della Bibbia. Supplementi$z88-394-0724-3$g1$w()155767 774 0 $aDunn, James Douglas Grant <1939-2020>$tMemoria di Gesù. 2, La missione di Gesù.$dBrescia : Paideia, 2006.$kIntroduzione allo studio della Bibbia. Supplementi$z88-394-0727-8$g1$w()155768 774 0 $aDunn, James Douglas Grant <1939-2020>$tMemoria di Gesù. 3, L'acme della passione di Gesù.$dBrescia : Paideia, 2007.$kIntroduzione allo studio della Bibbia. Supplementi$z88-394-0727-8$g1$w()160667 774 0 $aDunn, James Douglas Grant <1939-2020>$tInizi a Gesrusalemme. 1, La prima fase.$dBrescia : Paideia, 2012.$kIntroduzione allo studio della Bibbia. Supplementi$z978-88-394-0826-6$g2$w()213945 774 0 $aDunn, James Douglas Grant <1939-2020>$tInizi a Gesrusalemme. 2, Paolo, apostolo dei gentili.$dBrescia : Paideia, 2012.$kIntroduzione allo studio della Bibbia. Supplementi$z978-88-394-0832-7$g2$w()213946 774 0 $aDunn, James Douglas Grant <1939-2020>$tInizi a Gesrusalemme. 2, Gli inizi a Gerusalemme.$dBrescia : Paideia, 2012.$kIntroduzione allo studio della Bibbia. Supplementi$z978-88-394-0833-4$g2$w()213947 774 0 $aDunn, James Douglas Grant <1939-2020>$tNé giudeo né greco. 1, Nuovo inizio.$dTorino : Paideia, 2018.$kIntroduzione allo studio della Bibbia. Supplementi$z978-88-394-0917-1$g3$w()259032 774 0 $aDunn, James Douglas Grant <1939-2020>$tNé giudeo né greco. 2, Un'identità contestata.$dTorino : Paideia, 2018.$kIntroduzione allo studio della Bibbia. Supplementi$z978-88-394-0920-1$g3$w()259033 830 0$aIntroduzione allo studio della Bibbia. Supplementi.$0(OLS)http://semarc/title/5853 996 $6245$aGli albori del cristianesimo$9(OLS)http://semarc/title/22317 996 $6260$aBrescia :$bPaideia$9(OLS)http://semarc/publisher/29614